000
00419nam a2200133Ia 4500
008
100328s9999 xx 000 0 und d
082
_b
75000
100
_a
पाळंदे ब.न.
245
_a
पुनर्जन्म एक शोध.
260
_b
मनोरमा.
630
_a
पुनर्जन्म एक शोध.
730
_a
पुनर्जन्म एक शोध.
942
_c
BOOK
999
_c
560721
_d
560718